Southville International School and Colleges
Your cart is empty.
  • Cart
  • Lists
    Public lists list_1 View all
    Your lists Log in to create your own lists
  • Log in to your account
  • Your cookies
  • Search history
Southville International School and Colleges
  • Advanced search
  • Recent comments
  • Most popular
  • Libraries

Log in to your account

Log in with GOOGLE


If you do not have an external account, but do have a local account, you can still log in:

  1. Home
  2. MARC view: The little green book of shopping :
Normal view MARC view ISBD view

The little green book of shopping : (Record no. 115650)

[ view plain ]
MARC details
000 -LEADER
fixed length control field 00560nam a2200193Ia 4500
008 - FIXED-LENGTH DATA ELEMENTS--GENERAL INFORMATION
fixed length control field 140429s9999 xx 000 0 und d
020 ## - INTERNATIONAL STANDARD BOOK NUMBER
International Standard Book Number 9781847320711
050 ## - LIBRARY OF CONGRESS CALL NUMBER
Classification number HQ 2044.U6
Item number .M655 2008
100 ## - MAIN ENTRY--PERSONAL NAME
Personal name Millis, Diane
245 #4 - TITLE STATEMENT
Title The little green book of shopping :
Remainder of title 250 tips for an eco style /
Statement of responsibility, etc Diane Millis.
260 ## - PUBLICATION, DISTRIBUTION, ETC. (IMPRINT)
Place of publication, distribution, etc London :
Name of publisher, distributor, etc Carlton Books,
Date of publication, distribution, etc c2008.
300 ## - PHYSICAL DESCRIPTION
Extent 128 p. :
Dimensions 18 cm.
521 ## - TARGET AUDIENCE NOTE
Target audience note
650 ## - SUBJECT ADDED ENTRY--TOPICAL TERM
Topical term or geographic name as entry element Environmetalism.
650 ## - SUBJECT ADDED ENTRY--TOPICAL TERM
Topical term or geographic name as entry element Lifestyle
General subdivision United States.
650 ## - SUBJECT ADDED ENTRY--TOPICAL TERM
Topical term or geographic name as entry element Social change.
942 ## - ADDED ENTRY ELEMENTS (KOHA)
Call number prefix Foreign
Koha item type Books
Holdings
Withdrawn status Lost status Source of classification or shelving scheme Damaged status Home library Current library Shelving location Date acquired Source of acquisition Cost, normal purchase price Total Checkouts Full call number Barcode Date last seen Price effective from Koha item type
    Library of Congress Classification   College Library College Library General Circulation Section 04/29/2014 Library Fund 528.00   HQ 2044.U6 .M655 2008 C17010 05/15/2018 04/29/2014 Books

The little green book of shopping :

APA

Millis D., . (2008). The little green book of shopping. London: Carlton Books.

Chicago

Millis Diane, . 2008. The little green book of shopping. London: Carlton Books.

Harvard

Millis D., . (2008). The little green book of shopping. London: Carlton Books.

MLA

Millis Diane, . The little green book of shopping. London: Carlton Books. 2008.

  • Place hold
  • Print
  • Cite
  • Add to your cart (remove)
  • Save record
    BIBTEX Dublin Core MARCXML MARC (non-Unicode/MARC-8) MARC (Unicode/UTF-8) MARC (Unicode/UTF-8, Standard) MODS (XML) RIS
  • More searches
    Search for this title in:
    Other Libraries (WorldCat) Other Databases (Google Scholar) Online Stores (Bookfinder.com) Open Library (openlibrary.org)

Exporting to Dublin Core...

SOUTHVILLE LIBRARY

Southville International School and Colleges Library

1281 Tropical Ave. Cor. Luxembourg St., BF Homes International, Las Pinas City

Tel. No. 8256374 / 252358 Loc. 117/146

Powered by Koha